Add a Letter - G - Statistics

General Stats
  • This quiz has been taken 236 times
  • The average score is 10 of 10
Answer Stats
Word Add "G" % Correct
Ate Gate
100%
In Gin
100%
Pi Pig
100%
Host Ghost
99%
Rate Grate
98%
Sin Sing
98%
Son Song
98%
Pus Pugs
96%
Ruby Rugby
93%
Was Wags
93%
No matching quizzes found
Score Distribution
Percent of People with Each Score
Percentile by Number Answered
Your Score History
You have not taken this quiz